Districts and Counties of Daegu - Statistics

General Stats
  • This quiz has been taken 46 times
  • The average score is 7 of 8
Answer Stats
Answer % Correct
Buk-gu/북구
100%
Seo-gu/서구
100%
Dong-gu/동구
96%
Jung-gu/중구
96%
Nam-gu/남구
96%
Dalseo-gu/달서구
87%
Dalseong-gun/달성군
78%
Suseong-gu/수성구
78%
No matching quizzes found
Score Distribution
Percent of People with Each Score
Percentile by Number Answered
Your Score History
You have not taken this quiz